[Event "WJCC U20 Open 2019"]
[Site "New Delhi"]
[Date "2019.10.18"]
[Round "5.7"]
[White "Costachi, Mihnea"]
[Black "Wang, Shixu B"]
[Result "1/2-1/2"]
[WhiteElo "2463"]
[BlackElo "2370"]
[Annotator "ChessBase"]
[PlyCount "46"]
[EventDate "2019.10.15"]
[EventType "swiss"]
[EventCountry "IND"]
[SourceTitle "playchess.com"]
[Source "ChessBase"]
[SourceQuality "1"]
[TimeControl "40/5400+30:1800+30"]

1. d4 {[%emt 0:00:00]} Nf6 {[%emt 0:00:00]} 2. c4 {[%emt 0:00:00]} e6 {[%emt 0:00:00]} 3. Nf3 {[%emt 0:00:38]} d5 {[%emt 0:00:13]} 4. Nc3 {[%emt 0:00:13]} Be7 {[%emt 0:00:08]} 5. Bg5 {[%emt 0:01:11]} h6 {[%emt 0:00:42]} 6. Bxf6 {[%emt 0:02:49]} Bxf6 {[%emt 0:00:09]} 7. Qc2 {[%emt 0:06:10]} c6 {[%emt 0:00:30]} 8. e4 {[%emt 0:00:30]} O-O {[%emt 0:00:30]} 9. O-O-O {[%emt 0:00:30]} Na6 {[%emt 0:00:30]} 10. h3 {[%emt 0:00:30]} Nb4 {[%emt 0:18:17]} 11. Qd2 {[%emt 0:20:46]} dxc4 {[%emt 0:00:30]} 12. g4 {[%emt 0:00:30]} c5 {[%emt 0:00:30]} 13. g5 {[%emt 0:00:30]} Bxd4 {[%emt 0:00:30]} 14. gxh6 {[%emt 0:00:30]} Qf6 {[%emt 0:00:30]} 15. Rg1 {[%emt 0:00:30]} Qxf3 {[%emt 0:00:30]} 16. hxg7 {[%emt 0:00:30]} Rd8 {[%emt 0:29:59]} 17. Qh6 {[%emt 0:39:13]} Be3+ {[%emt 0:00:30]} 18. fxe3 {[%emt 0:00:30]} Nxa2+ {[%emt 0:00:30]} 19. Kc2 {[%emt 0:00:30]} Nb4+ {[%emt 0:00:30]} 20. Kc1 {[%emt 0:00:30]} Na2+ {[%emt 0:00:30]} 21. Kc2 {[%emt 0:00:30]} Nb4+ {[%emt 0:00:30]} 22. Kc1 {[%emt 0:00:30]} Na2+ {[%emt 0:00:30]} 23. Kc2 {[%emt 0:00:30]} Nb4+ {[%emt 0:00:30]} 1/2-1/2

[Event "WJCC U20 Open 2019"]
[Site "New Delhi"]
[Date "2019.10.18"]
[Round "5.8"]
[White "Haria, Ravi"]
[Black "Aaryan Varshney"]
[Result "1/2-1/2"]
[WhiteElo "2463"]
[BlackElo "2239"]
[Annotator "TA"]
[PlyCount "64"]
[EventDate "2019.10.15"]
[EventType "swiss"]
[EventCountry "IND"]
[SourceTitle "playchess.com"]
[Source "ChessBase"]
[SourceQuality "1"]

{[%evp 21,64,21,29,20,30,24,18,14,19,26,26,27,45,48,60,30,62,44,51,31,49,50,46,53,56,18,76,0,54,50,50,50,80,47,42,-7,9,0,0,-70,0,0,0,-59,4]} 1. e4 c5 2. Nf3 d6 3. Bb5+ Bd7 4. Bxd7+ Qxd7 5. c4 Nc6 6. Nc3 Nf6 7. d4 cxd4 8. Nxd4 g6 9. f3 Bg7 10. Be3 O-O 11. O-O a6 12. Qd3 {B52: Sicilian: Moscow Variation with 3...Bd7} (12. Na4 Rab8 13. Nxc6 Qxc6 14. Nb6 Nd7 15. Nxd7 Qxd7 16. Rf2 b5 17. c5 Qa7 18. Rc1 dxc5 19. Bxc5 Qc7 {1-0 (50) Caruana,F (2807)-Kasparov,G (2812) Saint Louis 2017}) 12... Ne5 13. Qe2 Rac8 14. b3 {The position is equal.} b5 {[%cal Rb5c4]} 15. Nd5 $1 {[%cal Rd5b6]} Nxd5 16. cxd5 Rc3 17. Rad1 Rfc8 18. h3 $146 ({Predecessor:} 18. Bd2 R3c5 19. Bb4 R5c7 {1-0 (43) Rangel Garcia,R (2139)-Grabowski,B (1934) ICCF email 2016}) 18... Qb7 19. f4 Nd7 20. Nc6 Nb8 21. Bd4 Bxd4+ 22. Nxd4 Nd7 23. Nc6 Nb8 (23... Nf6 $11 {keeps the balance.}) 24. Nd4 Nd7 25. Kh2 Nf6 26. Rde1 Qc7 27. Qd2 Qc5 28. Rf2 Kg7 29. f5 Rc1 30. Re3 (30. Nc6 $11 Rxe1 31. Qxe1) 30... Rc3 ({Black should try} 30... Ra1 $1 $15) 31. Re1 (31. Ree2 $11) 31... Rc1 $15 {[#] Threatens to win with ...Rxe1.} 32. Re3 Rc3 {Accuracy: White = 65%, Black = 55%.} (32... Ra1 $15) 1/2-1/2

[Event "WJCC U20 Open 2019"]
[Site "New Delhi"]
[Date "2019.10.18"]
[Round "5.9"]
[White "Raja Rithvik R"]
[Black "Tabatabaei, M.amin"]
[Result "1/2-1/2"]
[WhiteElo "2369"]
[BlackElo "2642"]
[Annotator "TA"]
[PlyCount "115"]
[EventDate "2019.10.15"]
[EventType "swiss"]
[EventCountry "IND"]
[SourceTitle "playchess.com"]
[Source "ChessBase"]
[SourceQuality "1"]

{[%evp 17,115,22,23,19,31,25,37,39,36,22,21,13,54,18,11,0,0,0,0,0,0,0,0,7,0,0,0,0,32,31,36,38,43,0,0,0,0,0,0,0,-2,-7,-8,-2,0,0,0,-18,-3,-19,-17,-18,-11,-6,0,-18,-17,-16,-15,-16,-9,-10,0,0,0,0,0,0,0,0,0,0,0,0,75,63,59,8,100,101,198,188,183,8,8,8,8,0,0,0,0,0,0,0,0,0,0,0,0,0]} 1. d4 Nf6 2. c4 e6 3. Nf3 b6 4. g3 Bb7 5. Bg2 Be7 6. O-O O-O 7. Nc3 Ne4 8. Bd2 Nxd2 9. Qxd2 d6 10. e4 {E18: Queen's Indian: Old Main Line (4 g3 Bb7 5 Bg2 Be7 6 0-0 0-0 7 Nc3)} Nd7 11. Rad1 Bf6 12. Rfe1 {White is slightly better.} g6 13. h4 Bg7 14. h5 {[#]} h6 $146 ({Predecessor:} 14... e5 15. hxg6 hxg6 16. b3 Re8 {½-½ (16) Rashkovsky,N (2483)-Karpov,A (2623) Ekaterinburg 2018}) 15. d5 g5 16. Nd4 Bxd4 17. Qxd4 e5 18. Qd2 Nf6 19. Bf3 Qd7 20. Kg2 Bc8 21. Rh1 $1 Ne8 22. Rdf1 f5 23. exf5 Qxf5 24. Be4 Qf7 25. f4 exf4 26. gxf4 Qd7 $1 27. Qe3 Qg4+ 28. Qg3 Rxf4 29. Rxf4 gxf4 30. Qxg4+ Bxg4 31. Bf3 Nf6 32. Ne2 Re8 33. Nxf4 Bf5 34. Ne2 Bd3 35. Nf4 Bf5 36. Ne2 Re5 37. Nd4 Bd7 38. b3 a5 39. Kg3 Be8 40. Kf4 Bxh5 41. Nb5 Bxf3 42. Kxf3 $11 {[%mdl 4096] Endgame KRN-KRN} Rf5+ 43. Kg2 Rg5+ 44. Kf3 Rf5+ 45. Kg2 (45. Ke2 {looks sharper.} Re5+ 46. Kd2 h5 47. Nxc7 Ne4+ 48. Kc2) 45... Rh5 (45... Rg5+ $11 46. Kf3 Rf5+) 46. Rxh5 $16 Nxh5 47. Nxc7 {KN-KN} (47. Kf3 $1 $14) 47... Nf6 (47... Nf4+ $1 $11 {keeps the balance.} 48. Kf3 Nd3) 48. Nb5 Ne8 (48... a4 $16) 49. Na7 $18 Kf7 50. Nc8 $2 (50. Kf3 $18) 50... Kf6 $1 $11 {The position is equal.} 51. Nxb6 {[#] Hoping for Nd7+.} Ke5 $1 52. a3 Kd4 53. b4 axb4 54. axb4 Nc7 55. Kg3 Na6 56. b5 Nb8 57. Kg4 Kc5 58. Nc8 {Accuracy: White = 61%, Black = 63%.} 1/2-1/2

[Event "WJCC U20 Open 2019"]
[Site "New Delhi"]
[Date "2019.10.18"]
[Round "5.10"]
[White "Aravindh, Chithambaram VR."]
[Black "Sammed Jaykumar, Shete"]
[Result "1/2-1/2"]
[WhiteElo "2609"]
[BlackElo "2392"]
[Annotator "TA"]
[PlyCount "106"]
[EventDate "2019.10.15"]
[EventType "swiss"]
[EventCountry "IND"]
[SourceTitle "playchess.com"]
[Source "ChessBase"]
[SourceQuality "1"]

{[%evp 13,106,0,52,50,45,48,62,63,108,35,93,94,118,55,47,42,45,46,53,60,65,26,48,35,38,31,63,60,58,26,37,17,35,28,23,0,0,0,18,8,23,20,29,26,31,42,31,33,25,18,21,18,45,49,58,36,86,80,85,82,74,83,110,80,76,80,63,0,0,0,0,0,0,0,0,0,0,0,0,0,0,0,0,0,0,0,0,0,0,0,0,0,0,0,0]} 1. e4 c5 2. Nf3 Nc6 3. d4 cxd4 4. Nxd4 Nf6 5. Nc3 d6 6. Bg5 e6 7. Qd3 a6 (7... Be7 $11) 8. Nxc6 $14 {B62: Sicilian: Richter-Rauzer: 6...e6: Unusual White 7th moves} bxc6 9. O-O-O Qa5 10. Qg3 {White is slightly better.} Bb7 $146 ({Predecessor:} 10... Rb8 11. Bc4 h6 12. Be3 Nd7 13. Bb3 c5 14. Bf4 e5 15. Bd2 Qc7 {1-0 (23) Paravyan,D (2627)-Stocek,J (2592) Prague 2019}) 11. Bc4 (11. Be2 $16) 11... O-O-O (11... d5 $14 12. Bb3 Bb4) 12. Bd2 $16 Qc7 13. Rhe1 (13. Qd3 $16) 13... d5 $14 {And now ...Qxg3 would win.} 14. Qxc7+ Kxc7 15. Bf4+ Kc8 16. Na4 {[%cal Ra4b6]} Nd7 17. Bb3 Bb4 18. Re2 Rhe8 19. f3 f6 20. c3 Ba5 21. Be3 Bc7 22. Bc2 g6 23. g3 a5 24. f4 Ba6 25. Ree1 Bb5 26. Nc5 {[%cal Ba4c5,Bc5b3,Bb3d4][%mdl 32]} Bb6 27. Nb3 Kc7 28. Bxb6+ Kxb6 29. Nd4 Ba6 30. exd5 exd5 31. b4 axb4 32. cxb4 Bc4 33. Ba4 Nb8 $1 34. Kb2 Re4 {[#]} 35. Bc2 $1 {[%cal Rc2e4]} Ree8 36. a4 {[%cal Ba2a4,Ba4a5][%mdl 32]} Rc8 37. a5+ Kc7 38. Ba4 Kd6 39. Rc1 Na6 40. Ka3 ({Better is} 40. Rxe8 $14 Rxe8 41. Bxc6) 40... Nxb4 $11 {The position is equal.} 41. Rxe8 Rxe8 42. Kxb4 c5+ 43. Ka3 Re3+ 44. Nb3 Bxb3 45. Bxb3 {[%mdl 4096] Endgame KRB-KR} c4 {[%mdl 64] [#] Pin} 46. Rb1 Kc5 47. Ka2 {Threatens to win with Ba4.} cxb3+ ({But not} 47... Rxb3 $2 48. Rxb3 cxb3+ 49. Kxb3 $18) 48. Rxb3 {KR-KR} Re7 49. Kb2 d4 50. a6 Re2+ 51. Kb1 {Hoping for a7.} Re1+ 52. Ka2 {aiming for a7.} Re2+ 53. Kb1 {Black must now prevent a7.} Re1+ {Accuracy: White = 64%, Black = 67%.} 1/2-1/2

[Event "WJCC U20 Open 2019"]
[Site "New Delhi"]
[Date "2019.10.18"]
[Round "5.11"]
[White "Miciano, John Marvin"]
[Black "Kollars, Dmitrij"]
[Result "1/2-1/2"]
[WhiteElo "2345"]
[BlackElo "2587"]
[Annotator "ChessBase"]
[PlyCount "160"]
[EventDate "2019.10.15"]
[EventType "swiss"]
[EventCountry "IND"]
[SourceTitle "playchess.com"]
[Source "ChessBase"]
[SourceQuality "1"]
[TimeControl "40/5400+30:1800+30"]

1. Nf3 d5 2. g3 Nf6 3. Bg2 Bf5 4. O-O e6 5. d3 Be7 6. c4 c6 7. Be3 Nbd7 8. Qb3 Qc7 9. Rc1 O-O 10. Nc3 dxc4 11. Qxc4 e5 12. d4 Nb6 13. Qb3 Be6 14. Qc2 Ng4 15. Bd2 exd4 16. Nb5 Qc8 17. Nbxd4 Bd7 18. b4 Bf6 19. Rab1 Re8 20. a4 Ne5 21. Ng5 Ng6 22. Ngf3 Ne5 23. Nxe5 Bxe5 24. Nf3 Bf6 25. Ng5 Bf5 26. e4 Bg6 27. Re1 Nd7 28. Nh3 Bd4 29. Nf4 a6 30. Rbd1 Ne5 31. Bc3 Ba7 32. h3 f6 33. Nxg6 hxg6 34. Kh1 Qe6 35. f4 Nc4 36. Bd4 b5 37. Bf1 Kh7 38. Kh2 a5 39. Bxc4 bxc4 40. bxa5 Reb8 41. f5 gxf5 42. exf5 Qf7 43. Re4 Rd8 44. Bxa7 Rxd1 45. Qxd1 Qxa7 46. Qe2 Qf7 47. Qxc4 Qxc4 48. Rxc4 Rxa5 49. g4 Kg8 50. Kg3 Kf7 51. Re4 Rc5 52. h4 Rc1 53. g5 fxg5 54. hxg5 c5 55. Re6 c4 56. Rc6 c3 57. Rc7+ Kf8 58. Kf2 c2 59. Ke2 Ra1 60. Rxc2 Rxa4 61. Kf3 Rb4 62. Re2 Kf7 63. Rc2 Ra4 64. Rc7+ Kf8 65. Rc6 Kf7 66. Rc7+ Kf8 67. g6 Rb4 68. Rf7+ Kg8 69. Ke3 Ra4 70. Rd7 Kf8 71. Rd4 Ra8 72. Kf4 Rb8 73. Rd7 Re8 74. Rd5 Re1 75. Re5 Rf1+ 76. Ke4 Re1+ 77. Kd5 Ra1 78. Kc6 Ra6+ 79. Kc7 Ra7+ 80. Kb6 Ra1 1/2-1/2

[Event "WJCC U20 Open 2019"]
[Site "New Delhi"]
[Date "2019.10.18"]
[Round "5.12"]
[White "Harsha Bharathakoti"]
[Black "Sankalp Gupta"]
[Result "1-0"]
[WhiteElo "2530"]
[BlackElo "2369"]
[Annotator "ChessBase"]
[PlyCount "129"]
[EventDate "2019.10.15"]
[EventType "swiss"]
[EventCountry "IND"]
[SourceTitle "playchess.com"]
[Source "ChessBase"]
[SourceQuality "1"]
[TimeControl "40/5400+30:1800+30"]

1. d4 {[%emt 0:00:12]} e6 {[%emt 0:04:44]} 2. c4 {[%emt 0:01:29]} Nf6 {[%emt 0:00:12]} 3. Nf3 {[%emt 0:00:35]} d5 {[%emt 0:00:30]} 4. g3 {[%emt 0:01:20]} Bb4+ {[%emt 0:00:12]} 5. Bd2 {[%emt 0:01:36]} Be7 {[%emt 0:00:05]} 6. Bg2 {[%emt 0:00:13]} c6 {[%emt 0:00:08]} 7. O-O {[%emt 0:01:16]} Nbd7 {[%emt 0:00:04]} 8. Qc2 {[%emt 0:00:11]} O-O {[%emt 0:00:12]} 9. a4 {[%emt 0:00:07]} Ne4 {[%emt 0:00:15]} 10. a5 {[%emt 0:21:58]} a6 {[%emt 0:13:18]} 11. Rd1 {[%emt 0:06:41]} f5 {[%emt 0:05:04]} 12. Nc3 {[%emt 0:08:33]} Bf6 {[%emt 0:03:48]} 13. Na4 {[%emt 0:04:54]} Qe7 {[%emt 0:06:37]} 14. Bc3 {[%emt 0:07:58]} g5 {[%emt 0:13:47]} 15. Ne5 {[%emt 0:06:29]} Nxc3 {[%emt 0:06:34]} 16. Qxc3 {[%emt 0:01:18]} Nxe5 {[%emt 0:00:03]} 17. dxe5 {[%emt 0:00:08]} Bg7 {[%emt 0:00:06]} 18. f4 {[%emt 0:01:39]} gxf4 {[%emt 0:06:17]} 19. gxf4 {[%emt 0:00:06]} Kh8 {[%emt 0:01:04]} 20. b4 {[%emt 0:21:43]} Bh6 {[%emt 0:02:39]} 21. e3 {[%emt 0:01:54]} Rg8 {[%emt 0:05:49]} 22. Kh1 {[%emt 0:00:18]} Bd7 {[%emt 0:14:57]} 23. Rg1 {[%emt 0:03:31]} Rg7 {[%emt 0:01:53]} 24. Nc5 {[%emt 0:01:00]} Rag8 {[%emt 0:00:24]} 25. Bf3 {[%emt 0:03:45]} Rxg1+ {[%emt 0:01:22]} 26. Rxg1 {[%emt 0:00:04]} Rxg1+ {[%emt 0:00:06]} 27. Kxg1 {[%emt 0:00:02]} Be8 {[%emt 0:00:07]} 28. Qd4 {[%emt 0:02:07]} Bf8 {[%emt 0:00:27]} 29. Kf1 {[%emt 0:01:10]} Kg7 {[%emt 0:02:29]} 30. Ke2 {[%emt 0:01:27]} Kh8 {[%emt 0:00:17]} 31. Kd3 {[%emt 0:00:51]} Kg7 {[%emt 0:00:19]} 32. Kc3 {[%emt 0:00:05]} Kh8 {[%emt 0:00:06]} 33. Kb3 {[%emt 0:00:17]} Kg7 {[%emt 0:00:10]} 34. Kc3 {[%emt 0:00:07]} Kh8 {[%emt 0:00:03]} 35. Nd3 {[%emt 0:01:17]} Qd8 {[%emt 0:06:52]} 36. Qb6 {[%emt 0:01:01]} Qxb6 {[%emt 0:04:24]} 37. axb6 {[%emt 0:00:02]} Kg7 {[%emt 0:00:08]} 38. Kd4 {[%emt 0:01:03]} Kf7 {[%emt 0:00:47]} 39. Nc5 {[%emt 0:00:30]} Bxc5+ {[%emt 0:00:08]} 40. Kxc5 {[%emt 0:00:02]} Ke7 {[%emt 0:00:08]} 41. Be2 {[%emt 0:04:08]} Kd7 {[%emt 0:11:46]} 42. Bd1 {[%emt 0:06:08]} dxc4 {[%emt 0:03:59]} 43. Kxc4 {[%emt 0:00:06]} Bf7 {[%emt 0:00:51]} 44. Kc5 {[%emt 0:01:02]} Be8 {[%emt 0:00:27]} 45. Bf3 {[%emt 0:02:04]} Bg6 {[%emt 0:00:42]} 46. Bd1 {[%emt 0:01:29]} Bf7 {[%emt 0:00:17]} 47. Bc2 {[%emt 0:00:04]} Bg6 {[%emt 0:01:27]} 48. Kd4 {[%emt 0:02:38]} h6 {[%emt 0:04:16]} 49. Bd3 {[%emt 0:01:00]} Bh7 {[%emt 0:00:14]} 50. e4 {[%emt 0:04:09]} fxe4 {[%emt 0:02:33]} 51. Bxe4 {[%emt 0:00:03]} Bf5 {[%emt 0:00:07]} 52. Ke3 {[%emt 0:01:32]} Bh3 {[%emt 0:01:09]} 53. Kf3 {[%emt 0:01:36]} Kd8 {[%emt 0:04:31]} 54. Bd3 {[%emt 0:02:03]} h5 {[%emt 0:01:03]} 55. Kg3 {[%emt 0:00:29]} Bg4 {[%emt 0:00:02]} 56. Kh4 {[%emt 0:04:27]} Bf3 {[%emt 0:00:51]} 57. Kg5 {[%emt 0:00:28]} Ke7 {[%emt 0:00:25]} 58. h4 {[%emt 0:01:54]} Kf7 {[%emt 0:00:03]} 59. Bg6+ {[%emt 0:00:36]} Ke7 {[%emt 0:01:26]} 60. Bxh5 {[%emt 0:00:13]} Bxh5 {[%emt 0:00:06]} 61. Kxh5 {[%emt 0:00:03]} Kd7 {[%emt 0:00:08]} 62. Kg6 {[%emt 0:01:07]} c5 {[%emt 0:00:01]} 63. bxc5 {[%emt 0:00:08]} a5 {[%emt 0:00:01]} 64. f5 {[%emt 0:00:29]} a4 {[%emt 0:00:02]} 65. Kf7 {[%emt 0:00:37]} 1-0

[Event "WJCC U20 Open 2019"]
[Site "New Delhi"]
[Date "2019.10.18"]
[Round "5.13"]
[White "Zlatin, Alexander"]
[Black "Visakh N R"]
[Result "0-1"]
[WhiteElo "2263"]
[BlackElo "2529"]
[Annotator "TA"]
[PlyCount "108"]
[EventDate "2019.10.15"]
[EventType "swiss"]
[EventCountry "IND"]
[SourceTitle "playchess.com"]
[Source "ChessBase"]
[SourceQuality "1"]

{[%evp 17,108,8,56,58,54,43,55,-7,8,0,0,8,-2,-6,17,19,16,11,9,4,24,0,0,0,0,-40,-32,-124,-142,-258,-254,-416,-429,-516,-516,-426,-342,-324,-250,-400,-191,-189,-187,-183,-183,-173,-130,-142,-134,-141,-138,-158,-163,-187,-165,-204,-136,-143,-140,-248,-246,-240,-231,-238,-237,-240,-240,-285,-283,-309,-281,-320,-318,-320,-317,-505,-302,-419,-419,-29972,-29973,-29977,-29978,-29977,-29978,-29978,-29979,-29979,-29980,-29980,-29981,-29981,-29978]} 1. e4 g6 2. d4 Bg7 3. Nc3 d6 4. g3 Nc6 5. Be3 Nf6 6. h3 O-O 7. Bg2 e5 8. Nge2 exd4 9. Nxd4 Ne5 10. Qe2 {B07: Pirc Defence: Miscellaneous Systems} (10. O-O a6 11. b3 Re8 12. f4 Ned7 13. Bf2 Nc5 14. Re1 c6 15. Kh2 Qc7 16. Qd2 Bd7 17. Rad1 b5 {½-½ (50) Prizant,J (2524)-Nepomniachtchi,I (2716) Tyumen 2012}) 10... c5 11. Nb3 $1 Be6 12. Rd1 $146 ({Better is} 12. O-O-O $14) ({Predecessor:} 12. O-O-O Nfd7 13. f4 Nc4 14. e5 Nxe3 15. Qxe3 dxe5 16. fxe5 Qc7 17. Nd5 Bxd5 18. Rxd5 {½-½ (38) Vesin,J (2251)-Raeber,M (2223) Switzerland 2006}) 12... Qe7 (12... Bc4 $5 13. Qd2 $8 Be6 $11) 13. Nd2 Nc6 14. Nc4 Nd7 15. O-O ({Not} 15. Nxd6 $2 Nd4 $19) 15... a6 16. Nd5 ({Don't blunder} 16. Nxd6 $2 Nd4 $19) 16... Bxd5 $1 17. Rxd5 {Black must now prevent c3.} b5 18. Nxd6 {Threatens to win with Qd2.} Nb6 19. Nf5 gxf5 20. Bxc5 {[%mdl 64] [#] Double Attack} Qc7 $1 21. Rxf5 Rfe8 22. e5 ({White should try} 22. c3 $15) 22... Rad8 $17 {[%cal Rc6e5]} 23. f4 (23. Qh5 $17 Nxe5 24. Be3) 23... Nxe5 $1 $19 {[%mdl 64] Discovered Attack} 24. Bf2 $2 (24. Qh5 {might work better.}) 24... Nd3 {[%mdl 64] Discovered Attack} 25. Qg4 Nxf2 26. Rxf2 Qd7 27. c3 Nc4 28. Rd5 (28. Rg5 $142 Qxg4 29. hxg4) 28... Qxg4 (28... Qa7 $142 {And now ...Rxd5 would win.} 29. Rxd8 Rxd8) 29. hxg4 Re1+ 30. Kh2 Rde8 {aiming for ...Ne3.} 31. Bf3 Kf8 32. g5 h6 33. gxh6 Bxh6 34. b3 Ne3 35. Rd7 Re7 36. Rd6 Re6 37. Rxe6 fxe6 38. a4 (38. Re2 $17 Rxe2+ 39. Bxe2) 38... bxa4 39. bxa4 Rf1 40. Rxf1 Nxf1+ 41. Kg2 Nd2 42. Be2 {[#]} a5 $1 43. Bb5 Ke7 44. Kh3 Bg7 45. c4 Kd6 46. Kg4 (46. g4 {was worth a try.}) 46... Kc5 47. Bd7 e5 48. f5 (48. fxe5 $19 Bxe5 49. Kh4) 48... e4 {Black mates.} 49. Kh3 e3 50. Kg2 Bd4 51. f6 Bxf6 52. Bg4 Kxc4 53. Be2+ Kd4 54. g4 Ne4 {Accuracy: White = 21%, Black = 72%.} 0-1

[Event "WJCC U20 Open 2019"]
[Site "New Delhi"]
[Date "2019.10.18"]
[Round "5.14"]
[White "Rahul Srivatshav P"]
[Black "Aronyak Ghosh"]
[Result "1/2-1/2"]
[WhiteElo "2460"]
[BlackElo "2380"]
[Annotator "ChessBase"]
[PlyCount "67"]
[EventDate "2019.10.15"]
[EventType "swiss"]
[EventCountry "IND"]
[SourceTitle "playchess.com"]
[Source "ChessBase"]
[SourceQuality "1"]
[TimeControl "40/5400+30:1800+30"]

1. c4 {[%emt 0:00:00]} c5 {[%emt 0:01:46]} 2. b3 {[%emt 0:00:00]} Nc6 {[%emt 0:03:13]} 3. Nf3 {[%emt 0:00:00]} e5 {[%emt 0:03:56]} 4. Bb2 {[%emt 0:00:51]} d6 {[%emt 0:00:33]} 5. Nc3 {[%emt 0:00:13]} g6 {[%emt 0:00:20]} 6. g3 {[%emt 0:00:03]} Bg7 {[%emt 0:00:37]} 7. d3 {[%emt 0:00:05]} Nge7 {[%emt 0:02:01]} 8. Bg2 {[%emt 0:00:06]} h6 {[%emt 0:03:02]} 9. Nd2 {[%emt 0:03:03]} Be6 {[%emt 0:02:46]} 10. a3 {[%emt 0:01:29]} d5 {[%emt 0:03:33]} 11. cxd5 {[%emt 0:00:05]} Nxd5 {[%emt 0:00:05]} 12. Rc1 {[%emt 0:00:06]} Rc8 {[%emt 0:05:37]} 13. O-O {[%emt 0:01:40]} Nde7 {[%emt 0:12:57]} 14. b4 {[%emt 0:08:41]} cxb4 {[%emt 0:00:29]} 15. axb4 {[%emt 0:00:04]} Nxb4 {[%emt 0:04:37]} 16. Qa4+ {[%emt 0:18:05]} Nbc6 {[%emt 0:02:08]} 17. Nb5 {[%emt 0:00:24]} O-O {[%emt 0:03:39]} 18. Nxa7 {[%emt 0:01:05]} Nxa7 {[%emt 0:02:46]} 19. Qxa7 {[%emt 0:00:24]} Ra8 {[%emt 0:00:05]} 20. Qc5 {[%emt 0:06:02]} Ra2 {[%emt 0:00:39]} 21. Qb5 {[%emt 0:15:13]} Qd7 {[%emt 0:04:08]} 22. Qxd7 {[%emt 0:04:01]} Bxd7 {[%emt 0:00:01]} 23. Rb1 {[%emt 0:08:14]} Bc6 {[%emt 0:03:15]} 24. Nc4 {[%emt 0:04:46]} b5 {[%emt 0:05:34]} 25. Nxe5 {[%emt 0:04:12]} Bxg2 {[%emt 0:00:28]} 26. Kxg2 {[%emt 0:00:05]} Rc8 {[%emt 0:00:17]} 27. d4 {[%emt 0:05:03]} Rc2 {[%emt 0:00:29]} 28. Ba1 {[%emt 0:04:24]} Rxe2 {[%emt 0:00:36]} 29. Rxb5 {[%emt 0:01:44]} Nf5 {[%emt 0:00:43]} 30. Kh3 {[%emt 0:00:25]} Rxf2 {[%emt 0:05:26]} 31. Rxf2 {[%emt 0:00:04]} Rxf2 {[%emt 0:00:02]} 32. Rb8+ {[%emt 0:00:22]} Kh7 {[%emt 0:00:07]} 33. Nxf7 {[%emt 0:01:01]} Nxd4 {[%emt 0:02:58]} 34. Bxd4 {[%emt 0:00:18]} 1/2-1/2

[Event "WJCC U20 Open 2019"]
[Site "New Delhi"]
[Date "2019.10.18"]
[Round "5.15"]
[White "Batsuren, Dambasuren"]
[Black "Audi Ameya"]
[Result "0-1"]
[WhiteElo "2454"]
[BlackElo "2336"]
[Annotator "RC"]
[PlyCount "88"]
[EventDate "2019.10.15"]
[EventType "swiss"]
[EventCountry "IND"]
[SourceTitle "playchess.com"]
[Source "ChessBase"]
[SourceQuality "1"]
[TimeControl "40/5400+30:1800+30"]

1. d4 {[%emt 0:00:00]} Nf6 {[%emt 0:00:00]} 2. c4 {[%emt 0:00:00]} g6 {[%emt 0:00:00]} 3. Nc3 {[%emt 0:00:00]} Bg7 {[%emt 0:00:00]} 4. Nf3 {[%emt 0:00:00]} O-O {[%emt 0:00:00]} 5. g3 {[%emt 0:00:00]} c5 {[%emt 0:00:06]} 6. d5 {[%emt 0:00:03]} d6 {[%emt 0:00:15]} 7. Bg2 {[%emt 0:00:06]} e6 {[%emt 0:00:04]} 8. O-O {[%emt 0:00:06]} exd5 {[%emt 0:00:04]} 9. cxd5 {[%emt 0:00:05]} Re8 {[%emt 0:00:07]} 10. Nd2 {[%emt 0:00:05]} Nbd7 {[%emt 0:00:16]} 11. h3 {[%emt 0:00:12]} a6 {[%emt 0:03:11]} 12. a4 {[%emt 0:00:07]} Rb8 {[%emt 0:06:31]} 13. Nc4 {[%emt 0:00:16]} Ne5 {[%emt 0:00:04]} 14. Na3 {[%emt 0:00:07]} Nh5 {[%emt 0:00:20]} 15. e4 {[%emt 0:00:09]} Bd7 {[%emt 0:10:12]} 16. f4 {[%emt 0:00:15]} Nxg3 {[%emt 0:02:02]} 17. fxe5 {[%emt 0:00:07]} Bxe5 {[%emt 0:00:03]} 18. Rf2 {[%emt 0:03:40]} b5 {[%emt 0:02:24]} 19. axb5 {[%emt 0:05:50]} axb5 {[%emt 0:00:02]} 20. Nc2 {[%emt 0:00:24]} Qh4 {[%emt 0:07:08]} 21. Qf3 {[%emt 0:09:31]} Re7 {[%emt 0:03:40]} 22. Ra7 {[%emt 0:15:22]} b4 {[%emt 0:05:49]} 23. Nd1 {[%emt 0:03:48]} Rbe8 {[%emt 0:08:51]} 24. Rxd7 {[%emt 0:14:59]} Rxd7 {[%emt 0:00:09]} 25. Qd3 {[%emt 0:00:15]} Rde7 {[%emt 0:06:44]} 26. Bd2 {[%emt 0:04:50]} b3 {[%emt 0:08:09]} 27. Qxb3 {[%emt 0:09:12]} Nxe4 {[%emt 0:00:03]} 28. Bxe4 {[%emt 0:00:06]} Qxe4 {[%emt 0:00:04]} 29. Nde3 {[%emt 0:00:07]} Bg3 {[%emt 0:08:14]} 30. Rf1 {[%emt 0:03:11]} Qh4 {[%emt 0:01:13]} 31. Kg2 {[%emt 0:03:12]} Bf4 {[%emt 0:00:43]} 32. Rf3 {[%emt 0:01:09]} Qg5+ {[%emt 0:02:27]} 33. Kf1 {[%emt 0:01:01]} Bh2 {[%emt 0:04:06]} 34. Ne1 {[%emt 0:08:53]} Qg1+ {[%emt 0:00:16]} 35. Ke2 {[%emt 0:00:06]} f5 {[%emt 0:00:03]} 36. Rf1 {[%emt 0:02:51]} Qg5 {[%emt 0:08:10]} 37. Nf3 {[%emt 0:01:34]} Qh5 {[%emt 0:00:03]} 38. Kd1 {[%emt 0:00:57]} Bf4 {[%emt 0:00:35]} 39. Nc4 {[%emt 0:00:44]} Qxh3 {[%emt 0:00:15]} 40. Bxf4 {[%emt 0:04:05]} Qxf1+ {[%emt 0:00:17]} 41. Kc2 {[%emt 0:30:05]} Re4 {[%emt 0:36:57]} 42. Ncd2 {[%emt 0:01:02]} c4 {[%emt 0:00:06]} 43. Qb5 {[%emt 0:06:12]} Qd3+ {[%emt 0:00:07]} 44. Kd1 {[%emt 0:00:05]} Ra8 {[%emt 0:00:07]} 0-1